| 000 | 00703nam a22002417a 4500 | ||
|---|---|---|---|
| 001 | 000338 | ||
| 003 | DO-SdBNP | ||
| 005 | 20171213101831.0 | ||
| 007 | 000338 | ||
| 008 | 160629b 1988 cu xxu||||| |||| 00| 0 spa d | ||
| 040 |
_aBPMSU _bspa _cBPMSU |
||
| 092 |
_axxxxx _bxxxxx |
||
| 100 | _aArtiles, Freddy | ||
| 245 | 1 | 0 |
_aAventuras en el teatro / _cselección, prólogo y notas de Freddy Artiles. |
| 260 |
_aLa Habana, Cuba : _bLetras Cubanas, _c1988. |
||
| 300 |
_a381 p, ; _c18 cm. |
||
| 490 | 1 | _aGiraldilla | |
| 700 | 1 | 7 |
_aArtiles, Freddy, _d1946- |
| 830 | 0 | _pGiraldilla | |
| 942 |
_2ddc _cBK |
||
| 945 | _aInventariado extranjero 2017/ YL | ||
| 956 |
_2LOPEREZ _310 _620160629 _8BPMSU _a00041 |
||
| 999 |
_c10631 _d10631 |
||